000 00521ntaaa2200193 4500
003 01
005 20251027202359.0
008 0714s1973 ag 01
040 _aAR-BaBN
_bspa
_cAR-BaBN
_eaacr
_dRIC
082 _a282.0190 W64
100 _aWilder, John B
_92350
245 _aThe other side of Rome
250 _a1 ed.
260 _aGrand Rapids :
_bZondervan Publishing House,
_cc1959
300 _a159 p
500 _aUna crítica de catolicismo por un autor evangélico
650 _acatolicismo
_9316
942 _cBK
999 _c18689
_d18689